000 01436nam a2200373 a 4500
001 ebr10621172
003 CaPaEBR
006 m u
007 cr cn|||||||||
008 121119s2005 enka sb 001 0 eng d
020 _z0854045465
020 _z9780854045327
020 _z9781847550729 (e-book)
040 _aCaPaEBR
_cCaPaEBR
035 _a(OCoLC)232637890
050 1 4 _aQD79.C454
_bF53 2005eb
100 1 _aFlanagan, Robert J.
245 1 0 _aElectrochemical detection in HPLC
_h[electronic resource] :
_banalysis of drugs and poisons /
_cRobert J. Flanagan, David Perrett, Robin Whelpton.
260 _aCambridge :
_bRSC,
_c2005.
300 _axiii, 230 p. :
_bill.
440 0 _aRSC chromatography monographs
504 _aIncludes bibliographical references and index.
533 _aElectronic reproduction.
_bPalo Alto, Calif. :
_cebrary,
_d2011.
_nAvailable via World Wide Web.
_nAccess may be limited to ebrary affiliated libraries.
650 0 _aHigh performance liquid chromatography.
650 0 _aChromatographic analysis.
650 0 _aElectrochemical sensors.
650 0 _aDrugs
_xAnalysis.
650 0 _aToxins
_xAnalysis.
655 7 _aElectronic books.
_2local
700 1 _aPerrett, David.
700 1 _aWhelpton, Robin.
710 2 _aebrary, Inc.
856 4 0 _uhttp://site.ebrary.com/lib/rucke/Doc?id=10621172
_zAn electronic book accessible through the World Wide Web; click to view
999 _c56692
_d56692